The Future of the Sciences and Humanities : (Record no. 71813)
[ view plain ]
| 000 -LEADER | |
|---|---|
| fixed length control field | 04443nam a22006015i 4500 |
| 005 - DATE AND TIME OF LATEST TRANSACTION | |
| control field | 20230718140446.0 |
| 006 - FIXED-LENGTH DATA ELEMENTS--ADDITIONAL MATERIAL CHARACTERISTICS | |
| fixed length control field | m|||||o||d|||||||| |
| 007 - PHYSICAL DESCRIPTION FIXED FIELD--GENERAL INFORMATION | |
| fixed length control field | cr || |||||||| |
| 008 - FIXED-LENGTH DATA ELEMENTS--GENERAL INFORMATION | |
| fixed length control field | 221201t20022002ne fo d z eng d |
| 020 ## - INTERNATIONAL STANDARD BOOK NUMBER | |
| International Standard Book Number | 9789048503667 |
| 040 ## - CATALOGING SOURCE | |
| Original cataloging agency | DE-B1597 |
| Language of cataloging | eng |
| Transcribing agency | DE-B1597 |
| Description conventions | rda |
| 041 0# - LANGUAGE CODE | |
| Language code of text/sound track or separate title | eng |
| 050 #4 - LIBRARY OF CONGRESS CALL NUMBER | |
| Classification number | Q175 |
| 082 04 - DEWEY DECIMAL CLASSIFICATION NUMBER | |
| Classification number | 500 |
| 100 1# - MAIN ENTRY--PERSONAL NAME | |
| Personal name | Philipse, Herman, |
| Relator term | author. |
| Relator code | aut |
| -- | http://id.loc.gov/vocabulary/relators/aut |
| 245 14 - TITLE STATEMENT | |
| Title | The Future of the Sciences and Humanities : |
| Remainder of title | Four Analytical Essays and a Critical Debate on the Future of Scholastic Endeavor / |
| Statement of responsibility, etc. | Herman Philipse; ed. by R. P. W. Visser, A. A. Verrijn-Stuart, P. A. J. Tindemans. |
| 264 #1 - PRODUCTION, PUBLICATION, DISTRIBUTION, MANUFACTURE, AND COPYRIGHT NOTICE | |
| Place of production, publication, distribution, manufacture | Amsterdam : |
| Name of producer, publisher, distributor, manufacturer | Amsterdam University Press, |
| Date of production, publication, distribution, manufacture, or copyright notice | [2002] |
| 264 #4 - PRODUCTION, PUBLICATION, DISTRIBUTION, MANUFACTURE, AND COPYRIGHT NOTICE | |
| Date of production, publication, distribution, manufacture, or copyright notice | ©2002 |
| 300 ## - PHYSICAL DESCRIPTION | |
| Extent | 1 online resource (242 p.) |
| 336 ## - CONTENT TYPE | |
| Content type term | text |
| Content type code | txt |
| Source | rdacontent |
| 337 ## - MEDIA TYPE | |
| Media type term | computer |
| Media type code | c |
| Source | rdamedia |
| 338 ## - CARRIER TYPE | |
| Carrier type term | online resource |
| Carrier type code | cr |
| Source | rdacarrier |
| 347 ## - DIGITAL FILE CHARACTERISTICS | |
| File type | text file |
| Encoding format | |
| Source | rda |
| 505 00 - FORMATTED CONTENTS NOTE | |
| Title | Frontmatter -- |
| -- | Preface -- |
| -- | Table of contents -- |
| -- | 1. The Sciences and Arts Debate. A review and some conclusions -- |
| -- | 2. Historical and Structural Approaches in the Natural and Human Sciences -- |
| -- | Discussion: The Role of Laws and Contingency in History -- |
| -- | 3. Science and Society in Flux -- |
| -- | Discussion: Does A New Kind of Science Require a New Kind of Scholar or a New Kind of University? -- |
| -- | 4. Science for the 21st Century -- |
| -- | Discussion: Redrawing Disciplinary Boundaries - but to What Degree? -- |
| -- | 5. Science and Democracy -- |
| -- | Science and Democracy: a difficult relationship: 'An enlightened and elitist essay on an unresolvable problem' -- |
| -- | 6. Epilogue -- |
| -- | 7. Appendix |
| 506 0# - RESTRICTIONS ON ACCESS NOTE | |
| Standardized terminology for access restriction | unrestricted online access |
| Source of term | star |
| 520 ## - SUMMARY, ETC. | |
| Summary, etc. | The arts and sciences have evolved primarily through specialization and broadening of scope. Stepping outside of one's established discipline, however, involves a danger of "shallowness," even if the primary challenge was a "deep" integration problem. All too often, current ways of defining academic disciplines and fields of research fail to do justice to new approaches-a problem this volume tackles as it debates the possible futures of scholarship and academia. |
| 538 ## - SYSTEM DETAILS NOTE | |
| System details note | Mode of access: Internet via World Wide Web. |
| 540 ## - TERMS GOVERNING USE AND REPRODUCTION NOTE | |
| Terms governing use and reproduction | This eBook is made available Open Access under a CC BY-NC-ND 4.0 license: |
| Uniform Resource Identifier | <a href="https://creativecommons.org/licenses/by-nc-nd/4.0https://www.aup.nl/en/publish/open-access">https://creativecommons.org/licenses/by-nc-nd/4.0https://www.aup.nl/en/publish/open-access</a> |
| 546 ## - LANGUAGE NOTE | |
| Language note | In English. |
| 588 0# - SOURCE OF DESCRIPTION NOTE | |
| Source of description note | Description based on online resource; title from PDF title page (publisher's Web site, viewed 01. Dez 2022) |
| 650 #0 - SUBJECT ADDED ENTRY--TOPICAL TERM | |
| Topical term or geographic name entry element | Science and the humanities. |
| 650 #0 - SUBJECT ADDED ENTRY--TOPICAL TERM | |
| Topical term or geographic name entry element | Science |
| General subdivision | Philosophy. |
| 650 #7 - SUBJECT ADDED ENTRY--TOPICAL TERM | |
| Topical term or geographic name entry element | EDUCATION / General. |
| Source of heading or term | bisacsh |
| 700 1# - ADDED ENTRY--PERSONAL NAME | |
| Personal name | Devlin, Keith, |
| Relator term | contributor. |
| Relator code | ctb |
| -- | https://id.loc.gov/vocabulary/relators/ctb |
| 700 1# - ADDED ENTRY--PERSONAL NAME | |
| Personal name | Elzinga, Aant, |
| Relator term | contributor. |
| Relator code | ctb |
| -- | https://id.loc.gov/vocabulary/relators/ctb |
| 700 1# - ADDED ENTRY--PERSONAL NAME | |
| Personal name | Kornet, Diedel, |
| Relator term | contributor. |
| Relator code | ctb |
| -- | https://id.loc.gov/vocabulary/relators/ctb |
| 700 1# - ADDED ENTRY--PERSONAL NAME | |
| Personal name | McAllister, James W., |
| Relator term | contributor. |
| Relator code | ctb |
| -- | https://id.loc.gov/vocabulary/relators/ctb |
| 700 1# - ADDED ENTRY--PERSONAL NAME | |
| Personal name | Philipse, Herman, |
| Relator term | contributor. |
| Relator code | ctb |
| -- | https://id.loc.gov/vocabulary/relators/ctb |
| 700 1# - ADDED ENTRY--PERSONAL NAME | |
| Personal name | Rip, Arie, |
| Relator term | contributor. |
| Relator code | ctb |
| -- | https://id.loc.gov/vocabulary/relators/ctb |
| 700 1# - ADDED ENTRY--PERSONAL NAME | |
| Personal name | Schnabel, Paul, |
| Relator term | contributor. |
| Relator code | ctb |
| -- | https://id.loc.gov/vocabulary/relators/ctb |
| 700 1# - ADDED ENTRY--PERSONAL NAME | |
| Personal name | Tindemans, P. A. J., |
| Relator term | editor. |
| Relator code | edt |
| -- | http://id.loc.gov/vocabulary/relators/edt |
| 700 1# - ADDED ENTRY--PERSONAL NAME | |
| Personal name | Tindemans, Peter A.J., |
| Relator term | contributor. |
| Relator code | ctb |
| -- | https://id.loc.gov/vocabulary/relators/ctb |
| 700 1# - ADDED ENTRY--PERSONAL NAME | |
| Personal name | Verrijn-Stuart, A. A., |
| Relator term | editor. |
| Relator code | edt |
| -- | http://id.loc.gov/vocabulary/relators/edt |
| 700 1# - ADDED ENTRY--PERSONAL NAME | |
| Personal name | Verrijn-Stuart, Alexander A., |
| Relator term | contributor. |
| Relator code | ctb |
| -- | https://id.loc.gov/vocabulary/relators/ctb |
| 700 1# - ADDED ENTRY--PERSONAL NAME | |
| Personal name | Visser, R. P. W., |
| Relator term | editor. |
| Relator code | edt |
| -- | http://id.loc.gov/vocabulary/relators/edt |
| 700 1# - ADDED ENTRY--PERSONAL NAME | |
| Personal name | Visser, Rob P.W., |
| Relator term | contributor. |
| Relator code | ctb |
| -- | https://id.loc.gov/vocabulary/relators/ctb |
| 700 1# - ADDED ENTRY--PERSONAL NAME | |
| Personal name | van Benthem, Johan, |
| Relator term | contributor. |
| Relator code | ctb |
| -- | https://id.loc.gov/vocabulary/relators/ctb |
| 776 0# - ADDITIONAL PHYSICAL FORM ENTRY | |
| Qualifying information | |
| International Standard Book Number | 9789053565667 |
| 856 40 - ELECTRONIC LOCATION AND ACCESS | |
| Uniform Resource Identifier | <a href="https://doi.org/10.1515/9789048503667?locatt=mode:legacy">https://doi.org/10.1515/9789048503667?locatt=mode:legacy</a> |
| Public note | Open Access |
| -- | 0 |
| 856 40 - ELECTRONIC LOCATION AND ACCESS | |
| Uniform Resource Identifier | <a href="https://www.degruyter.com/isbn/9789048503667">https://www.degruyter.com/isbn/9789048503667</a> |
| Public note | Open Access |
| -- | 0 |
| 856 42 - ELECTRONIC LOCATION AND ACCESS | |
| Materials specified | Cover |
| Uniform Resource Identifier | <a href="https://www.degruyter.com/document/cover/isbn/9789048503667/original">https://www.degruyter.com/document/cover/isbn/9789048503667/original</a> |
| 942 ## - ADDED ENTRY ELEMENTS (KOHA) | |
| Koha item type | E-Book |
| Withdrawn status | Damaged status | Not for loan | Home library | Current library | Date acquired | Total Checkouts | Date last seen | Price effective from | Koha item type |
|---|---|---|---|---|---|---|---|---|---|
| De Gruyter | De Gruyter | 12/29/2022 | 12/29/2022 | 12/29/2022 | E-Book |